Statistics for Rugby Union Largest Participatory Nations

Click here to take the quiz!

General Stats

  • This quiz has been taken 597 times
    (183 since last reset)
  • The average score is 8 of 10

Answer Stats

Number of Registered PlayersCountry% Correct
340,347England
98%
86,952Australia
97%
156,893New Zealand
97%
360,847France
95%
651,146South Africa
95%
153,080Ireland
93%
88,151United States
91%
102,790Argentina
86%
122,368Japan
83%
103,325Sri Lanka
13%

Score Distribution

Percentile by Number Answered

Percent of People with Each Score

Your Score History

You have not taken this quiz since the last reset